| 000 | 00753nac a22002051u 4500 | ||
|---|---|---|---|
| 010 | _a 75032344 | ||
| 020 | _a0195020235 | ||
| 082 | 0 | 0 |
_a616.4075 _bC8897 |
| 090 |
_c3436 _d3436 |
||
| 100 | _aCryer, Philip E. | ||
| 245 | 1 | 0 |
_aDiagnostic endocrinology / _cPhilip E. Cryer. |
| 260 |
_aNew York : _bOxford University Press, _c1976. |
||
| 300 |
_aviii, 199 p. : _bill. ; _c21 cm. |
||
| 500 | _aDonations. | ||
| 500 | _aDonations - Bibliotheca Alexandrina. | ||
| 504 | _aIncludes bibliographical references and index. | ||
| 650 | 0 |
_aEndocrine glands _xDiseases _xDiagnosis. |
|
| 942 |
_cBB _k616.4075C8897 |
||
| 999 |
_c3436 _d3436 |
||